| 000 | 00000nam 2200000zi 4500 |
| 001 | 9.911086 |
| 003 | CaOODSP |
| 005 | 20230802103225 |
| 006 | m o d f |
| 007 | cr ||||||||||| |
| 008 | 220511t20222022quc o f000 0 eng d |
| 020 | |a9780660434797 |
| 040 | |aCaOODSP|beng|erda|cCaOODSP |
| 043 | |an-cn--- |
| 086 | 1 |aEm16-26/2022E-PDF |
| 245 | 00|aCanada Disability Savings Program system : |binterface transaction standards. |
| 264 | 1|a[Gatineau, QC] : |bEmployment and Social Development Canada = Emploi et Développement social Canada, |c2022. |
| 264 | 4|c©2022 |
| 300 | |a1 online resource (viii, 144 pages) |
| 336 | |atext|btxt|2rdacontent |
| 337 | |acomputer|bc|2rdamedia |
| 338 | |aonline resource|bcr|2rdacarrier |
| 500 | |aIssued also in French under title: Normes d'interface de données du système du programme canadien pour l'épargne-invalidité. |
| 500 | |a"Version 3.2." |
| 610 | 20|aCanada Disability Savings Program. |
| 650 | 0|aElectronic funds transfers|xStandards|zCanada. |
| 710 | 1 |aCanada. |bEmployment and Social Development Canada, |eissuing body. |
| 775 | 08|tNormes d'interface de données du système du programme canadien pour l'épargne-invalidité.|w(CaOODSP)9.911087 |
| 794 | |tCanada Disability Savings Program system : |w(CaOODSP)9.925812 |
| 856 | 40|qPDF|s2.51 MB|uhttps://publications.gc.ca/collections/collection_2022/edsc-esdc/Em16-26-2022-eng.pdf |
| 856 | 4 |qHTML|sN/A|uhttps://www.canada.ca/en/employment-social-development/programs/disability/savings/issuers/interface-standards.html |